Fr. Conceicao Rodrigues College of Engineering

IBM PC troubleshooting and repair guide (Record no. 20854)

MARC details
000 -LEADER
fixed length control field 00312nam a2200133Ia 4500
082 ## - DEWEY DECIMAL CLASSIFICATION NUMBER
Classification number 621.381954
Item number BRE
100 ## - MAIN ENTRY--PERSONAL NAME
Personal name Brenner/Robert C
245 ## - TITLE STATEMENT
Title IBM PC troubleshooting and repair guide
260 ## - PUBLICATION, DISTRIBUTION, ETC.
Name of publisher, distributor, etc. Howard D and sons
Place of publication, distribution, etc. Indiana
Date of publication, distribution, etc. 1985
300 ## - PHYSICAL DESCRIPTION
Extent 204
546 ## - LANGUAGE NOTE
Language note ENGLISH
654 ## - SUBJECT ADDED ENTRY--FACETED TOPICAL TERMS
Focus term IBM PC
942 ## - ADDED ENTRY ELEMENTS (KOHA)
Koha item type BOOK
Holdings
Withdrawn status Lost status Damaged status Not for loan Collection Home library Current library Date acquired Cost, normal purchase price Total Checkouts Full call number Barcode Date last seen Cost, replacement price Price effective from Koha item type
        CRC Fr. Agnel's C.Rodrigues College of Engineering Fr. Agnel's C.Rodrigues College of Engineering 17/03/2023 100.00   621.381954 BRE 1536 17/03/2023 100.00 17/03/2023 BOOK